000 00998cad a22002415a 4500
001 L147284
008 090424s2009 xxkad f s 000 0 eng d
035 _a(Sirsi) u147284
041 0 _aeng
050 0 4 _a333.6324 $2 18
110 2 _aGVA Grimley
_93646
245 0 0 _aUK economic property and market review
_bfirst quarter 2009
_h[electronic resource]
260 _aLondon
_bGVA Grimley
_c2009
490 0 _aGVA Grimley Economic and Property Market Review UK
_vFirst Quarter 2009
520 _aReports that total property returns for 2009 are forecast at -10% as rental falls pick up pace, but that they should turn positive in 2010.
521 _aAdvanced
590 _aKA NTK
650 2 4 _aGVA GRIMLEY ECONOMIC AND PROPERTY MARKET REVIEW UK
651 4 _aUnited Kingdom
_y
690 _aPROPERTY-COMMERCIAL PROPERTY-COMMERCIAL PROPERTY MARKET
856 4 0 _uhttps://www.gvagrimley.co.uk/x4190.xml
_zView this report free of charge under research at www.gvagrimley.co.uk...
942 _n0
999 _c109506
_d109506